=LDR 00000nam 2200000 4500 =001 INLIS000000000034133 =005 20130612140040 =008 ***********************************Ind** =035 ##$$0010-061300000034133 =041 ##$$a Ind =082 ##$$a 658.15 =090 ##$$a 658.15, Har m =100 ##$$a Harmono =245 ##$$a Manajemen Keuangan berbasis balaced scorecard =260 ##$$a 2009 $b Jakarta =300 ##$$a 244 hlm, ilus, 21 cm =650 ##$$a Manajemen =850 ##$$a NBPNMAT